000 00370pab a2200157 454500
008 180718b2011 xxu||||| |||| 00| 0 eng d
100 _aNaik, B.M.
245 _aStrategies to make universities globally competitive
260 _c2011
300 _ap.1-5.
362 _a3 Jun
650 _aUniversities
773 _aUniversity News
908 _aN
909 _a91954
999 _c91954
_d91954